Estados Unidos, Europa, Asia, América Latina : la crisis va y se generaliza /

Shranjeno v:
Bibliografske podrobnosti
Glavni avtor: Vidal, Gregorio (coordinación)
Format: Knjiga
Jezik:španščina
Izdano: México : Miguel Angel Porrúa, 2015, c2015
Serija:(Jesús Silva Herzog)
Teme:
Oznake: Označite
Brez oznak, prvi označite!

MARC

LEADER 00000nam^a2200000^a^4500
001 000408858
005 20250521000000.0
009 20260310122005.867
020 |a 978-607-401-933-9 
037 |a Acervo ITESO - Biblioteca 
041 |a ESP 
082 |a 330. 9  |b VID 
100 |a Vidal, Gregorio  |e (coordinación) 
245 1 0 |a Estados Unidos, Europa, Asia, América Latina :  |b la crisis va y se generaliza /  |c Coord. de G. Vidal. 
264 4 |a México :  |b Miguel Angel Porrúa,  |c 2015, c2015 
300 |a 277 p. 
336 |a texto  |b txt  |2 rdacontenido 
337 |a sin mediación  |b n  |2 rdamedio 
338 |a volumen  |b nc  |2 rdasoporte 
440 1 |a (Jesús Silva Herzog) 
521 |a FIL 2018 EEnlace Centro Universidad Empresa 
610 |a Fondo Monetario Internacional 
649 |a XX 
650 |a Apertura Comercial e Integración Económica 
650 |a Estado de Bienestar 
650 |a Crisis Económica -  |x Tema Principal 
650 |a Ciclos Económicos 
650 |a Fluctuaciones Económicas 
650 |a Macroeconomía 
650 |a Economía 
910 |a Fondo General 
920 |a Impresos - Libros 
930 |a Colección General 
905 |a 101 
901 |a 0500317613  |b IT1  |c ACC  |i C162902  |u 20250521 
902 |a https://opac.biblio.iteso.mx/vufind/Record/000408858